000 00778nam a2200241Ia 4500
008 191130s2010##################000#0#eng##
020 _a9781439818923
022 _a2009035203
040 _aACL
_cACL
082 _a333.794 JEF
100 _aJeffs, Eric J
245 _aGreen energy : sustainable electricity supply with low environmental impact
_cEric Jeffs
260 _aBoca Raton, FL
_bCRC Press
_cc2010
300 _aviii, 228 p. : ill. ; 25 cm
500 _aIncludes index
650 _aElectric power distribution - Environmental aspects
650 _aInterconnected electric utility systems
650 _aRenewable energy sources
650 _aSustainable engineering
990 _a61197aa7ac10000c6c023b205665b756
991 _a177304
999 _c198188
_d198188